[Event "DVM U16 2009"]
[Site "Verden/Aller GER"]
[Date "2009.12.28"]
[Round "3"]
[White "Kahleys, Kevin"]
[Black "Weißbeck, Simon"]
[Result "1-0"]
[Termination "normal"]
[Board "1.1"]
[WhiteElo "2034"]
[BlackElo "1992"]
[WhiteTeam "SV Mülheim Nord 1931"]
[BlackTeam "Heilbronner Schachverein"]
[PlyCount "95"]
[WhiteFideId "24669601"]
[BlackFideId "24646865"]
[EventCountry "GER"]
[EventRounds "7"]
[EventType "team-swiss"]
[EventDate "2009.12.26"]

1. Nf3 Nf6 2. c4 g6 3. g3 Bg7 4. Bg2 O-O 5. O-O d6 6. d4 Nbd7 7. Nc3 c6 8. h3
e5 9. e4 Qe7 10. Re1 Rd8 11. Be3 Nf8 12. Qc2 exd4 13. Nxd4 Ne6 14. Rad1 Nd7 15.
Nxe6 fxe6 16. f4 e5 17. f5 Nb6 18. b3 Bf6 19. Rf1 Bg5 20. Qd2 Bxe3+ 21. Qxe3
Rf8 22. g4 Bd7 23. Rf2 Rad8 24. Rdf1 Be8 25. f6 Qf7 26. Qg5 Nd7 27. h4 Nc5 28.
Qe3 b6 29. Ne2 Bd7 30. Qg3 Ne6 31. Bh1 c5 32. Rh2 Nd4 33. Nxd4 cxd4 34. g5 Qe6
35. Bf3 Be8 36. Bg4 Qf7 37. h5 Qb7 38. Be6+ Kh8 39. hxg6 Bxg6 40. Bd5 Qd7 41.
Rh6 Rf7 42. Rf2 Rg8 43. Rfh2 Qc7 44. Kf1 b5 45. Qh3 bxc4 46. bxc4 Qd7 47. Qxd7
Rxd7 48. f7 1-0

[Event "DVM U16 2009"]
[Site "Verden/Aller GER"]
[Date "2009.12.28"]
[Round "3"]
[White "Zuferi, Enis"]
[Black "Mundorf, Johannes"]
[Result "0-1"]
[Termination "normal"]
[Board "1.2"]
[WhiteElo "1846"]
[BlackElo "1858"]
[WhiteTeam "Heilbronner Schachverein"]
[BlackTeam "SV Mülheim Nord 1931"]
[PlyCount "126"]
[WhiteFideId "24692530"]
[BlackFideId "24672491"]
[EventCountry "GER"]
[EventRounds "7"]
[EventType "team-swiss"]
[EventDate "2009.12.26"]

1. d4 e6 2. c4 f5 3. Nc3 Nf6 4. Nf3 c6 5. g3 d5 6. Bg2 Bd6 7. Qd3 Nbd7 8. O-O
O-O 9. b3 Ne4 10. Nd2 Ndf6 11. f3 Nxc3 12. Qxc3 f4 13. gxf4 Bxf4 14. e3 Bc7 15.
e4 c5 16. Ba3 Nd7 17. cxd5 cxd4 18. Qc4 Ne5 19. Qxd4 Bb6 20. Bc5 Nc6 21. Bxb6
Nxd4 22. Bxd8 Rxd8 23. d6 Rxd6 24. Nc4 Rd8 25. f4 Bd7 26. e5 Bc6 27. Bxc6 bxc6
28. Nd6 Ne2+ 29. Kg2 Rf8 30. f5 exf5 31. Rae1 Nd4 32. e6 Rf6 33. e7 Rxd6 34.
e8=Q+ Rxe8 35. Rxe8+ Kf7 36. Rfe1 Ne6 37. Ra8 Rd2+ 38. Kg3 Rxa2 39. Rd1 f4+ 40.
Kg4 Rg2+ 41. Kf5 g6+ 42. Ke5 Rg5+ 43. Kd6 Ra5 44. Kxc6 f3 45. b4 Ra3 46. b5 f2
47. Rf1 Ra2 48. Kd6 Rd2+ 49. Kc6 Ra2 50. Kb7 Nc5+ 51. Kb8 Nd7+ 52. Kc7 Ke7 53.
Rd1 Nc5 54. Rh8 Ne6+ 55. Kb8 Ng5 56. h4 Nf7 57. Rc8 Rb2 58. Rc7+ Kf6 59. Rxa7
Rxb5+ 60. Kc7 Rb2 61. Ra6+ Kf5 62. Kd7 Rd2+ 63. Rxd2 f1=Q 0-1

[Event "DVM U16 2009"]
[Site "Verden/Aller GER"]
[Date "2009.12.28"]
[Round "3"]
[White "Simanowski, Mio"]
[Black "Wenninger, Philipp"]
[Result "1/2-1/2"]
[Termination "normal"]
[Board "1.3"]
[WhiteElo "1633"]
[BlackElo "1988"]
[WhiteTeam "SV Mülheim Nord 1931"]
[BlackTeam "Heilbronner Schachverein"]
[PlyCount "138"]
[WhiteFideId "24687154"]
[BlackFideId "4648404"]
[EventCountry "GER"]
[EventRounds "7"]
[EventType "team-swiss"]
[EventDate "2009.12.26"]

1. e4 c6 2. d4 d5 3. e5 Bf5 4. Nf3 e6 5. Be2 Nd7 6. O-O c5 7. c3 Qb6 8. Nh4 Bg6
9. a3 a5 10. Qa4 Ne7 11. Nxg6 hxg6 12. dxc5 Qxc5 13. Bb5 Qc7 14. Be3 Nc6 15. c4
Qxe5 16. g3 Rc8 17. cxd5 Qxd5 18. Nd2 Be7 19. f3 Bc5 20. Bxc5 Qxc5+ 21. Kg2 Nb6
22. Qb3 Nd5 23. Rfe1 O-O 24. Rac1 Qa7 25. Bxc6 bxc6 26. Nf1 Rb8 27. Qc2 Qd4 28.
Re2 Rb6 29. Rd1 Qf6 30. Rdd2 Rfb8 31. Qc1 Rb3 32. Rf2 R8b6 33. Rde2 Rd3 34. Rd2
Qg5 35. f4 Qf5 36. Rxd3 Qxd3 37. Qd2 Qxd2 38. Rxd2 Kf8 39. Rc2 Ke7 40. Kf3 Kd6
41. Nd2 Rb5 42. a4 Rb4 43. Nc4+ Ke7 44. Nxa5 Rxa4 45. Nxc6+ Kf6 46. Ne5 g5 47.
Nd7+ Kf5 48. fxg5 Kxg5 49. Nc5 Rb4 50. Ne4+ Kg6 51. Nc5 Kf5 52. h3 g5 53. b3 e5
54. Re2 f6 55. Re4 Rb5 56. Rc4 Ra5 57. Ne4 Ra3 58. Nc5 Nc7 59. Ra4 Nb5 60. g4+
Kg6 61. Rxa3 Nxa3 62. Ke4 Nb5 63. Kd3 f5 64. Nd7 e4+ 65. Ke3 Nc3 66. gxf5+ Kxf5
67. Nc5 Ke5 68. Nd7+ Ke6 69. Nc5+ Ke5 1/2-1/2

[Event "DVM U16 2009"]
[Site "Verden/Aller GER"]
[Date "2009.12.28"]
[Round "3"]
[White "Usov, Andreas"]
[Black "Messing, Simon"]
[Result "0-1"]
[Termination "normal"]
[Board "1.4"]
[WhiteElo "1472"]
[BlackElo "1593"]
[WhiteTeam "Heilbronner Schachverein"]
[BlackTeam "SV Mülheim Nord 1931"]
[PlyCount "46"]
[WhiteFideId "24601713"]
[BlackFideId "24651990"]
[EventCountry "GER"]
[EventRounds "7"]
[EventType "team-swiss"]
[EventDate "2009.12.26"]

1. e4 e6 2. d4 d5 3. e5 c5 4. c3 Nc6 5. Nf3 f6 6. exf6 Nxf6 7. Bd3 Bd6 8. O-O
O-O 9. a3 e5 10. dxe5 Nxe5 11. Be2 b6 12. Bg5 Bb7 13. Bh4 Qc7 14. Bg3 Ne4 15.
Nxe5 Bxe5 16. Bxe5 Qxe5 17. Bf3 Qg5 18. Re1 Rf6 19. Re3 Raf8 20. Bxe4 Rxf2 21.
Re2 Rxe2 22. Bf3 Rxf3 23. Qxe2 Qc1+ 0-1

[Event "DVM U16 2009"]
[Site "Verden/Aller GER"]
[Date "2009.12.28"]
[Round "3"]
[White "Xu, Xianliang"]
[Black "Raider, Eugen"]
[Result "1-0"]
[Termination "normal"]
[Board "2.1"]
[WhiteElo "1968"]
[BlackElo "1871"]
[WhiteTeam "SK Bebenhausen"]
[BlackTeam "Königsspringer SC 1984"]
[PlyCount "41"]
[WhiteFideId "4603230"]
[BlackFideId "24657352"]
[EventCountry "GER"]
[EventRounds "7"]
[EventType "team-swiss"]
[EventDate "2009.12.26"]

1. e4 c5 2. d4 cxd4 3. c3 dxc3 4. Nxc3 Nc6 5. Nf3 e6 6. Bc4 a6 7. O-O Nge7 8.
Bg5 f6 9. Be3 b5 10. Bb3 Ng6 11. Nd4 Qc7 12. Rc1 Nxd4 13. Nd5 Qb8 14. Nc7+ Kf7
15. Qxd4 Ne5 16. Nxa8 Qxa8 17. f4 Nc6 18. Qb6 Be7 19. f5 Nd8 20. Bc5 Bb7 21.
fxe6+ 1-0

[Event "DVM U16 2009"]
[Site "Verden/Aller GER"]
[Date "2009.12.28"]
[Round "3"]
[White "Stanau, Guido"]
[Black "Braun, Georg"]
[Result "0-1"]
[Termination "normal"]
[Board "2.2"]
[WhiteElo "2006"]
[BlackElo "2023"]
[WhiteTeam "Königsspringer SC 1984"]
[BlackTeam "SK Bebenhausen"]
[PlyCount "56"]
[WhiteFideId "24692255"]
[BlackFideId "24629383"]
[EventCountry "GER"]
[EventRounds "7"]
[EventType "team-swiss"]
[EventDate "2009.12.26"]

1. e4 c5 2. c3 Nf6 3. e5 Nd5 4. d4 cxd4 5. Nf3 Nc6 6. cxd4 g6 7. Bc4 Nb6 8. Bb3
Bg7 9. O-O O-O 10. Re1 d6 11. Bg5 Bg4 12. e6 f5 13. Bd2 Nxd4 14. Bc3 Bxf3 15.
gxf3 Nxb3 16. Bxg7 Kxg7 17. Qxb3 Qc7 18. Na3 d5 19. Rac1 Qf4 20. Qc3+ d4 21.
Qc7 Nd5 22. Qxb7 Qxf3 23. Rc5 Rfd8 24. Rxd5 Rxd5 25. Qxa8 f4 26. Qxa7 Rg5+ 27.
Kf1 Qd3+ 28. Re2 f3 0-1

[Event "DVM U16 2009"]
[Site "Verden/Aller GER"]
[Date "2009.12.28"]
[Round "3"]
[White "Zimmermann, Ulrich"]
[Black "Steinfeldt, Henry"]
[Result "1-0"]
[Termination "normal"]
[Board "2.3"]
[WhiteElo "1972"]
[BlackElo "1796"]
[WhiteTeam "SK Bebenhausen"]
[BlackTeam "Königsspringer SC 1984"]
[PlyCount "31"]
[WhiteFideId "24654523"]
[BlackFideId "24697176"]
[EventCountry "GER"]
[EventRounds "7"]
[EventType "team-swiss"]
[EventDate "2009.12.26"]

1. e4 e5 2. Nc3 Nc6 3. f4 exf4 4. Nf3 Bb4 5. Nd5 Ba5 6. Bc4 Nf6 7. O-O O-O 8.
d3 d6 9. Bxf4 Bg4 10. Bg5 Ne5 11. Qc1 c6 12. Nxf6+ gxf6 13. Nxe5 Bb6+ 14. Kh1
dxe5 15. Bxf6 Qd4 16. Qg5# 1-0

[Event "DVM U16 2009"]
[Site "Verden/Aller GER"]
[Date "2009.12.28"]
[Round "3"]
[White "Hort, Max"]
[Black "Bonenberger, Pablo Jeremias"]
[Result "1/2-1/2"]
[Termination "normal"]
[Board "2.4"]
[WhiteElo "1850"]
[BlackElo "1820"]
[WhiteTeam "Königsspringer SC 1984"]
[BlackTeam "SK Bebenhausen"]
[PlyCount "69"]
[WhiteFideId "24600849"]
[BlackFideId "4640675"]
[EventCountry "GER"]
[EventRounds "7"]
[EventType "team-swiss"]
[EventDate "2009.12.26"]

1. e4 c5 2. c3 Nf6 3. e5 Nd5 4. d4 cxd4 5. Nf3 Nc6 6. cxd4 g6 7. Bc4 Nb6 8. Bb3
Bg7 9. Nc3 O-O 10. O-O d6 11. exd6 Qxd6 12. Nb5 Qd8 13. d5 Na5 14. d6 exd6 15.
Qxd6 Qxd6 16. Nxd6 Nxb3 17. axb3 Rd8 18. Nb5 Be6 19. Nc7 Rac8 20. Nxe6 fxe6 21.
Rxa7 Rd7 22. g3 e5 23. Be3 Nd5 24. Rc1 Rf8 25. Ng5 Nxe3 26. fxe3 Bh6 27. h4
Bxg5 28. hxg5 Rf3 29. Kg2 Rxe3 30. Rf1 Rxb3 31. Ra8+ Kg7 32. Re8 Rxb2+ 33. Kh3
Rdd2 34. Rff8 b5 35. Rg8+ 1/2-1/2

[Event "DVM U16 2009"]
[Site "Verden/Aller GER"]
[Date "2009.12.28"]
[Round "3"]
[White "Nguyen Minh, Thuy"]
[Black "Raum, Sebastian"]
[Result "0-1"]
[Termination "normal"]
[Board "3.1"]
[WhiteElo "1915"]
[BlackElo "1910"]
[WhiteTeam "USG Chemnitz"]
[BlackTeam "SG Oesede-Georgsmarienhütte"]
[PlyCount "96"]
[WhiteFideId "24672688"]
[BlackFideId "24673935"]
[EventCountry "GER"]
[EventRounds "7"]
[EventType "team-swiss"]
[EventDate "2009.12.26"]

1. e4 c5 2. Nf3 d6 3. Nc3 a6 4. d4 cxd4 5. Nxd4 Nf6 6. Be3 e5 7. Nb3 Be6 8. h3
Be7 9. g4 d5 10. exd5 Nxd5 11. Qf3 Nxc3 12. Qg3 Nd5 13. Bd2 Nc6 14. Bg2 Qc7 15.
O-O O-O 16. Be4 Nf4 17. Rfe1 Rad8 18. Bc3 Nd4 19. Nxd4 exd4 20. Bd2 Bd6 21. Qf3
Ng6 22. Bxb7 Nh4 23. Qe4 Bh2+ 24. Kh1 Qxb7 25. Qxb7 Bd5+ 26. Qxd5 Rxd5 27. Kxh2
Nf3+ 28. Kg2 Nxd2 29. Rad1 Nc4 30. b3 Nb6 31. Re4 Rfd8 32. f3 g6 33. Rd3 Kg7
34. Kg3 R8d6 35. h4 Nd7 36. Re1 Nc5 37. Rd2 a5 38. Kf4 d3 39. c3 Ne6+ 40. Kg3
Rc5 41. c4 Nd4 42. Red1 Ne2+ 43. Kf2 Nf4 44. Kg3 Rd4 45. Re1 Ne2+ 46. Kf2 Re5
47. Red1 Nf4 48. g5 Kf8 0-1

[Event "DVM U16 2009"]
[Site "Verden/Aller GER"]
[Date "2009.12.28"]
[Round "3"]
[White "Thumulka, Patrick"]
[Black "Schätz, Annika"]
[Result "1/2-1/2"]
[Termination "normal"]
[Board "3.2"]
[WhiteElo "1892"]
[BlackElo "1786"]
[WhiteTeam "SG Oesede-Georgsmarienhütte"]
[BlackTeam "USG Chemnitz"]
[PlyCount "40"]
[WhiteFideId "24676870"]
[BlackFideId "24674796"]
[EventCountry "GER"]
[EventRounds "7"]
[EventType "team-swiss"]
[EventDate "2009.12.26"]

1. e4 c5 2. Nf3 d6 3. d4 cxd4 4. Nxd4 Nf6 5. Nc3 Nc6 6. f3 e5 7. Nb3 Be6 8. Be3
Be7 9. Be2 d5 10. exd5 Bxd5 11. O-O O-O 12. Qd2 Be6 13. Rad1 Qxd2 14. Rxd2 Rfd8
15. Rfd1 Bf5 16. Bd3 Bxd3 17. Rxd3 Rxd3 18. Rxd3 Nb4 19. Rd2 Rd8 20. Bxa7 Rxd2
1/2-1/2

[Event "DVM U16 2009"]
[Site "Verden/Aller GER"]
[Date "2009.12.28"]
[Round "3"]
[White "Fischer, Marvin"]
[Black "Jentzsch, Jakob"]
[Result "1/2-1/2"]
[Termination "normal"]
[Board "3.4"]
[WhiteElo "1438"]
[BlackElo "1525"]
[WhiteTeam "SG Oesede-Georgsmarienhütte"]
[BlackTeam "USG Chemnitz"]
[PlyCount "37"]
[WhiteFideId "12910082"]
[EventCountry "GER"]
[EventRounds "7"]
[EventType "team-swiss"]
[EventDate "2009.12.26"]

1. e4 c6 2. d4 d5 3. Nc3 dxe4 4. Nxe4 Bf5 5. Ng3 Bg6 6. Nf3 Nd7 7. h4 h6 8. h5
Bh7 9. Bd3 Bxd3 10. Qxd3 Qc7 11. Bd2 Ngf6 12. O-O-O e6 13. Qe2 Bd6 14. Nf5 Rg8
15. Nxd6+ Qxd6 16. g3 Qd5 17. c4 Qe4 18. Be3 O-O-O 19. Rh4 1/2-1/2

[Event "DVM U16 2009"]
[Site "Verden/Aller GER"]
[Date "2009.12.28"]
[Round "3"]
[White "Horbach, Fabian"]
[Black "Hager, Joshua Aarash"]
[Result "1/2-1/2"]
[Termination "normal"]
[Board "4.1"]
[WhiteElo "1786"]
[BlackElo "2231"]
[WhiteTeam "SV 1949 Herzogenrath"]
[BlackTeam "OSG Baden-Baden"]
[PlyCount "99"]
[WhiteFideId "12910139"]
[BlackFideId "24642789"]
[EventCountry "GER"]
[EventRounds "7"]
[EventType "team-swiss"]
[EventDate "2009.12.26"]

1. d4 Nf6 2. Nf3 g6 3. c4 Bg7 4. Nc3 O-O 5. e3 d6 6. Be2 Nbd7 7. O-O c6 8. b4
Qc7 9. a4 e5 10. Ba3 Re8 11. Rc1 exd4 12. Nxd4 Ne5 13. Qb3 Bh6 14. h3 a6 15. b5
axb5 16. axb5 c5 17. Nf3 Be6 18. Nxe5 dxe5 19. Bf3 Bf8 20. Nd5 Bxd5 21. cxd5
Bd6 22. b6 Qe7 23. Bb2 Nd7 24. Ra1 Reb8 25. Bc3 Qd8 26. Rfb1 Rxa1 27. Bxa1 Ra8
28. Be2 Kf8 29. Bc3 Qh4 30. Be1 Ke7 31. f3 Qa4 32. Qxa4 Rxa4 33. Bb5 Ra3 34.
Bh4+ f6 35. Bxd7 Kxd7 36. e4 g5 37. Bf2 Ra5 38. Be1 Ra6 39. Bf2 Ra5 40. Be1 Ra3
41. Bf2 c4 42. Rc1 c3 43. Kf1 Bb4 44. Rc2 Kd6 45. Ke2 Ba5 46. Kd3 Ra1 47. Kc4
Rb1 48. Bc5+ Kd7 49. Ra2 Bxb6 50. Bxb6 1/2-1/2

[Event "DVM U16 2009"]
[Site "Verden/Aller GER"]
[Date "2009.12.28"]
[Round "3"]
[White "Sarchisov, Slavik"]
[Black "Schreyer, Erik"]
[Result "1-0"]
[Termination "normal"]
[Board "4.2"]
[WhiteElo "2115"]
[BlackElo "1821"]
[WhiteTeam "OSG Baden-Baden"]
[BlackTeam "SV 1949 Herzogenrath"]
[PlyCount "63"]
[WhiteFideId "24647888"]
[BlackFideId "24603210"]
[EventCountry "GER"]
[EventRounds "7"]
[EventType "team-swiss"]
[EventDate "2009.12.26"]

1. e4 d5 2. exd5 Qxd5 3. Nc3 Qa5 4. d4 Nf6 5. Nf3 Bf5 6. Bc4 e6 7. Bd2 c6 8.
Nd5 Qd8 9. Nxf6+ Qxf6 10. Qe2 Bg4 11. d5 Bxf3 12. gxf3 e5 13. O-O-O Nd7 14.
Rhg1 h6 15. dxc6 bxc6 16. Bc3 Bd6 17. Qd2 Ke7 18. f4 Rhd8 19. Rge1 Nb6 20. fxe5
Bxe5 21. Bxe5 Rxd2 22. Bxf6+ Kxf6 23. Kxd2 Nxc4+ 24. Kc3 Nb6 25. Rd6+ Kf5 26.
Rxc6 Rd8 27. b3 Nd5+ 28. Kb2 Rd7 29. Rd1 Ke5 30. c4 Nb6 31. Rxd7 Nxd7 32. Rc7
1-0

[Event "DVM U16 2009"]
[Site "Verden/Aller GER"]
[Date "2009.12.28"]
[Round "3"]
[White "Jerinic, Milan"]
[Black "Bochis, Julia"]
[Result "0-1"]
[Termination "normal"]
[Board "4.3"]
[WhiteElo "1552"]
[BlackElo "2077"]
[WhiteTeam "SV 1949 Herzogenrath"]
[BlackTeam "OSG Baden-Baden"]
[PlyCount "82"]
[BlackFideId "24647276"]
[EventCountry "GER"]
[EventRounds "7"]
[EventType "team-swiss"]
[EventDate "2009.12.26"]

1. d4 Nf6 2. c4 g6 3. Nc3 d5 4. Nf3 Bg7 5. Qb3 dxc4 6. Qxc4 O-O 7. e4 Nc6 8.
Be2 Nd7 9. Be3 Nb6 10. Qd3 e5 11. Rd1 Bg4 12. dxe5 Qxd3 13. Bxd3 Nxe5 14. Be2
Nec4 15. Bc1 Rfe8 16. h3 Bxf3 17. gxf3 c6 18. O-O Re7 19. b3 Bxc3 20. bxc4 Kg7
21. Be3 Rae8 22. Rb1 Nc8 23. Rb3 Bf6 24. Rd1 b6 25. Rbd3 Re5 26. Rd7 Ra5 27.
R1d2 Bc3 28. Rc2 Bf6 29. Rcd2 h6 30. Kg2 g5 31. Rc7 Ne7 32. Bf1 Be5 33. Rcd7
Ng6 34. Kg1 Nf4 35. Rb7 Kg6 36. Rbd7 Ra4 37. Rb7 c5 38. Rdd7 Rxa2 39. Rxf7 a5
40. Rfd7 Re6 41. Ra7 Ra1 0-1

[Event "DVM U16 2009"]
[Site "Verden/Aller GER"]
[Date "2009.12.28"]
[Round "3"]
[White "Azizi, Nassim"]
[Black "Marx, Joschka"]
[Result "0-1"]
[Termination "normal"]
[Board "5.1"]
[WhiteElo "1706"]
[BlackElo "2020"]
[WhiteTeam "Schachfreunde 1974 Heinsberg"]
[BlackTeam "Segeberger SF"]
[PlyCount "72"]
[WhiteFideId "4608119"]
[BlackFideId "24645869"]
[EventCountry "GER"]
[EventRounds "7"]
[EventType "team-swiss"]
[EventDate "2009.12.26"]

1. d4 Nf6 2. c4 d6 3. Nc3 Nbd7 4. e4 e5 5. f4 Be7 6. Nf3 exd4 7. Qxd4 O-O 8.
Be3 Re8 9. O-O-O b6 10. e5 dxe5 11. fxe5 Bc5 12. Qd3 Bxe3+ 13. Qxe3 Bb7 14. Qf4
Bxf3 15. gxf3 Rxe5 16. Bh3 Re7 17. Rhg1 c6 18. Qg5 Qf8 19. f4 Kh8 20. Rg3 Rae8
21. Bg2 Nc5 22. Bxc6 Nce4 23. Nxe4 Nxe4 24. Qd5 Nxg3 25. hxg3 Rc8 26. Bb7 Rc5
27. Qd8 Rxc4+ 28. Kb1 Kg8 29. Ba6 Rce4 30. Bb5 Re1 31. Kc2 Rxd1 32. Qxd1 Qc8+
33. Kb1 Qf5+ 34. Bd3 Rd7 35. Bxf5 Rxd1+ 36. Kc2 Rg1 0-1

[Event "DVM U16 2009"]
[Site "Verden/Aller GER"]
[Date "2009.12.28"]
[Round "3"]
[White "Schwarzat, Julian"]
[Black "Bender, Andreas"]
[Result "1-0"]
[Termination "normal"]
[Board "5.2"]
[WhiteElo "2022"]
[BlackElo "1831"]
[WhiteTeam "Segeberger SF"]
[BlackTeam "Schachfreunde 1974 Heinsberg"]
[PlyCount "37"]
[WhiteFideId "24675857"]
[BlackFideId "4675878"]
[EventCountry "GER"]
[EventRounds "7"]
[EventType "team-swiss"]
[EventDate "2009.12.26"]

1. e4 c5 2. Nf3 e6 3. d4 cxd4 4. Nxd4 a6 5. Nc3 Qc7 6. Bd3 Nf6 7. O-O d6 8. Qe2
Nbd7 9. Kh1 Be7 10. f4 h5 11. Bd2 b6 12. Rae1 h4 13. e5 Nh5 14. Nxe6 Ng3+ 15.
hxg3 hxg3+ 16. Kg1 fxe6 17. exd6 Qxd6 18. Qxe6 Qc5+ 19. Be3 1-0

[Event "DVM U16 2009"]
[Site "Verden/Aller GER"]
[Date "2009.12.28"]
[Round "3"]
[White "Schlömer, Armin"]
[Black "Huhnstock, Rico"]
[Result "0-1"]
[Termination "normal"]
[Board "5.3"]
[WhiteElo "1607"]
[BlackElo "1916"]
[WhiteTeam "Schachfreunde 1974 Heinsberg"]
[BlackTeam "Segeberger SF"]
[PlyCount "84"]
[WhiteFideId "12910090"]
[BlackFideId "24642932"]
[EventCountry "GER"]
[EventRounds "7"]
[EventType "team-swiss"]
[EventDate "2009.12.26"]

1. e4 c5 2. Nf3 Nc6 3. d4 cxd4 4. Nxd4 e5 5. Nb3 Nf6 6. Bg5 Bb4+ 7. c3 Be7 8.
Bxf6 Bxf6 9. Bc4 O-O 10. O-O d6 11. Na3 a6 12. Nc2 Ne7 13. Qd2 b5 14. Be2 Bb7
15. Bf3 d5 16. Nc5 Bc6 17. exd5 Bxd5 18. Bxd5 Nxd5 19. Rad1 Nb6 20. Nd7 Nxd7
21. Qxd7 Qxd7 22. Rxd7 Rfd8 23. Rfd1 Kf8 24. Kf1 Ke8 25. Rxd8+ Bxd8 26. Ke2 Ke7
27. Nb4 Ke6 28. a3 a5 29. Nd5 Rc8 30. h3 f5 31. f4 e4 32. Ne3 Bb6 33. Rd5 Rc5
34. c4 bxc4 35. Rxc5 Bxc5 36. Nxc4 a4 37. Ne3 Bxe3 38. Kxe3 Kd5 39. g4 g6 40.
h4 fxg4 41. h5 gxh5 42. f5 Ke5 0-1

[Event "DVM U16 2009"]
[Site "Verden/Aller GER"]
[Date "2009.12.28"]
[Round "3"]
[White "Neitzel, Mirko"]
[Black "Salzmann, Thomas"]
[Result "1-0"]
[Termination "normal"]
[Board "5.4"]
[WhiteElo "1873"]
[BlackElo "1667"]
[WhiteTeam "Segeberger SF"]
[BlackTeam "Schachfreunde 1974 Heinsberg"]
[PlyCount "65"]
[WhiteFideId "24657298"]
[BlackFideId "12910104"]
[EventCountry "GER"]
[EventRounds "7"]
[EventType "team-swiss"]
[EventDate "2009.12.26"]

1. e4 c5 2. Nc3 e6 3. f4 d5 4. Nf3 Nf6 5. Bb5+ Bd7 6. Qe2 d4 7. Bxd7+ Nbxd7 8.
Nd1 Qc7 9. d3 Be7 10. O-O O-O 11. Nf2 Rfd8 12. g4 b5 13. g5 Nh5 14. Nh3 g6 15.
Kh1 Bd6 16. Nh4 c4 17. Bd2 c3 18. bxc3 dxc3 19. Be3 Nb6 20. f5 exf5 21. Nxf5
gxf5 22. Qxh5 fxe4 23. Nf2 Nd5 24. Ng4 Nxe3 25. Nh6+ Kh8 26. Nxf7+ Kg8 27. g6
Nxf1 28. Rxf1 Bf4 29. gxh7+ Kf8 30. h8=Q+ Ke7 31. Nxd8 exd3 32. Q5e8+ Kd6 33.
Qd4# 1-0

[Event "DVM U16 2009"]
[Site "Verden/Aller GER"]
[Date "2009.12.28"]
[Round "3"]
[White "Stahnecker, Ludwig"]
[Black "Butschek, Marc"]
[Result "1-0"]
[Termination "normal"]
[Board "6.1"]
[WhiteElo "1989"]
[BlackElo "1840"]
[WhiteTeam "VfR-SC Koblenz"]
[BlackTeam "Schachgesellschaft Bochum 31"]
[PlyCount "61"]
[WhiteFideId "24692026"]
[BlackFideId "4630904"]
[EventCountry "GER"]
[EventRounds "7"]
[EventType "team-swiss"]
[EventDate "2009.12.26"]

1. e4 e6 2. d4 d5 3. Nc3 Nf6 4. Bg5 Bb4 5. e5 h6 6. Be3 Bxc3+ 7. bxc3 Ne4 8.
Qg4 g6 9. Ne2 h5 10. Qh3 Ng5 11. Qg3 Ne4 12. Qh3 Ng5 13. Qg3 Ne4 14. Qf4 Nc6
15. h4 f6 16. f3 fxe5 17. dxe5 Nxc3 18. Nxc3 d4 19. Rd1 Bd7 20. Bxd4 Qe7 21.
Qg5 Qxg5 22. hxg5 O-O-O 23. Bc5 b6 24. Ba3 Nxe5 25. Be2 Rdf8 26. Bxf8 Rxf8 27.
Ba6+ Kb8 28. O-O Bc6 29. Rfe1 Nd7 30. Rxe6 Rf6 31. Re8# 1-0

[Event "DVM U16 2009"]
[Site "Verden/Aller GER"]
[Date "2009.12.28"]
[Round "3"]
[White "Budszuhn, Timo"]
[Black "Stahnecker, Wieland"]
[Result "1-0"]
[Termination "normal"]
[Board "6.2"]
[WhiteElo "1717"]
[BlackElo "2040"]
[WhiteTeam "Schachgesellschaft Bochum 31"]
[BlackTeam "VfR-SC Koblenz"]
[PlyCount "83"]
[WhiteFideId "1270607"]
[BlackFideId "4694481"]
[EventCountry "GER"]
[EventRounds "7"]
[EventType "team-swiss"]
[EventDate "2009.12.26"]

1. e4 e6 2. d4 d5 3. Nc3 Bb4 4. e5 c5 5. a3 Bxc3+ 6. bxc3 Qc7 7. Qd2 Nc6 8. f4
f6 9. Nf3 Bd7 10. Bd3 O-O-O 11. a4 g5 12. exf6 Nxf6 13. fxg5 Ne4 14. Qe3 Nxc3
15. Bb2 cxd4 16. Nxd4 e5 17. Nxc6 Qxc6 18. Qxa7 d4 19. Qa8+ Kc7 20. Qa5+ Kc8
21. Qa8+ Kc7 22. Qa5+ Kd6 23. O-O b6 24. Rf6+ Be6 25. Ba3+ Kd7 26. Qa7+ Qc7 27.
Qxc7+ Kxc7 28. Rxe6 Rhe8 29. Rxe8 Rxe8 30. Bxh7 Ne2+ 31. Kf2 Nf4 32. g6 Ne6 33.
Re1 Ng7 34. Bc1 Kd6 35. Bh6 Nf5 36. Bd2 e4 37. Bf4+ Kd5 38. g4 Ng7 39. Bh6 Re7
40. Bg8+ Kc5 41. Bxg7 Rxg7 42. Bf7 1-0

[Event "DVM U16 2009"]
[Site "Verden/Aller GER"]
[Date "2009.12.28"]
[Round "3"]
[White "Vossen, Daniel"]
[Black "Orhan, Eda"]
[Result "0-1"]
[Termination "normal"]
[Board "6.3"]
[WhiteElo "1752"]
[BlackElo "1780"]
[WhiteTeam "VfR-SC Koblenz"]
[BlackTeam "Schachgesellschaft Bochum 31"]
[PlyCount "36"]
[BlackFideId "24659258"]
[EventCountry "GER"]
[EventRounds "7"]
[EventType "team-swiss"]
[EventDate "2009.12.26"]

1. d4 d5 2. c4 c6 3. Nc3 Nf6 4. Nf3 e6 5. e3 a6 6. Qc2 Nbd7 7. Bd3 dxc4 8. Bxc4
b5 9. Bd3 Bb7 10. e4 c5 11. Be3 Rc8 12. dxc5 Bxc5 13. Bxc5 Nxc5 14. Rd1 Qb6 15.
Qe2 b4 16. e5 Ng4 17. Nb1 Nxd3+ 18. Rxd3 Rc1+ 0-1

[Event "DVM U16 2009"]
[Site "Verden/Aller GER"]
[Date "2009.12.28"]
[Round "3"]
[White "Benning, Robert"]
[Black "Lauer, Florian"]
[Result "1-0"]
[Termination "normal"]
[Board "6.4"]
[WhiteElo "1316"]
[BlackElo "1678"]
[WhiteTeam "Schachgesellschaft Bochum 31"]
[BlackTeam "VfR-SC Koblenz"]
[PlyCount "67"]
[WhiteFideId "1271707"]
[BlackFideId "12910074"]
[EventCountry "GER"]
[EventRounds "7"]
[EventType "team-swiss"]
[EventDate "2009.12.26"]

1. d4 e6 2. e4 d5 3. exd5 exd5 4. Nc3 Bb4 5. Bd2 Nc6 6. Bb5 Nge7 7. Qf3 O-O 8.
Nge2 a6 9. Ba4 b5 10. Bb3 Be6 11. O-O Na5 12. Qg3 Nxb3 13. axb3 Bd6 14. f4 c6
15. Rf3 Nf5 16. Qf2 Qh4 17. Ng3 Nxg3 18. Rxg3 Qf6 19. Rf1 Bf5 20. Bc1 Rfe8 21.
Nd1 Re4 22. c3 Rae8 23. Ne3 h6 24. Ng4 Bxg4 25. Rxg4 b4 26. Qg3 Kh7 27. Qd3 Qf5
28. h3 Qc8 29. Qg3 g6 30. Qf2 Be7 31. Qf3 h5 32. f5 hxg4 33. fxg6+ Kh8 34. Qxf7
1-0

[Event "DVM U16 2009"]
[Site "Verden/Aller GER"]
[Date "2009.12.28"]
[Round "3"]
[White "Konow, Philipp"]
[Black "Mao, Kevin"]
[Result "1/2-1/2"]
[Termination "normal"]
[Board "7.1"]
[WhiteElo "1864"]
[BlackElo "1706"]
[WhiteTeam "Stader Schachverein"]
[BlackTeam "SK 1980 Gernsheim"]
[PlyCount "68"]
[WhiteFideId "4635230"]
[BlackFideId "1271183"]
[EventCountry "GER"]
[EventRounds "7"]
[EventType "team-swiss"]
[EventDate "2009.12.26"]

1. d4 d5 2. c4 dxc4 3. e4 Nf6 4. Nc3 e6 5. Bxc4 a6 6. a3 b5 7. Bb3 c5 8. Nf3
Bb7 9. Bc2 cxd4 10. Nxd4 Bc5 11. Be3 Nbd7 12. O-O O-O 13. h3 b4 14. axb4 Bxb4
15. f3 Bc5 16. Qe2 Qc7 17. f4 Bb4 18. e5 Nd5 19. Nxd5 Bxd5 20. Rfc1 Qb7 21. Qd3
g6 22. Qe2 Rfc8 23. Nf3 Bc5 24. Ba4 Bxe3+ 25. Qxe3 Nb6 26. Bb3 Rxc1+ 27. Rxc1
Rc8 28. Rxc8+ Nxc8 29. Bxd5 exd5 30. Qc3 Qb6+ 31. Kh2 Ne7 32. Nd4 a5 33. b3 Kf8
34. g4 Nc6 1/2-1/2